Normal view
MARC view
Entry Personal Name
001 - CONTROL NUMBER
- control field: 7960
003 - CONTROL NUMBER IDENTIFIER
- control field: dpl
005 - DATE AND TIME OF LATEST TRANSACTION
- control field: 20100806154105.0
008 - FIXED-LENGTH DATA ELEMENTS
- fixed length control field: 100806|||a|||||| | ||| d
040 ## - CATALOGING SOURCE
- Original cataloging agency: dpl
- Transcribing agency: dpl
100 ## - HEADING--PERSONAL NAME
- Personal name: Anjalam, A.
670 ## - SOURCE DATA FOUND
- Source citation: Work cat.: (dpl): Anjalam, A., Bryophyta /, 2007
670 ## - SOURCE DATA FOUND
- Source citation: Work cat.: (dpl): Anjalam, A., Bryophyta /, 2007
